000 00624 a2200181 4500
001 144021
040 _cLeonardo Da Vinci
041 _aPortuguês
082 _aAP510 A548m
_bA548m
100 _aAMSON, Glen Albert Jacques van
_aTEIXEIRA, José Carlos
_aJAMAL, Roberto Miguel El
_aLEITÃO, Jonas Duró
_aAGUIAR FILHO, Roberto Benedicto
245 _aMatemática
250 _aLT
260 _bAnglo
_c2002
_aSão Paulo
300 _a392
362 _a20100324
697 _aNúmeros complexos
_aPolinômios
_aEquações algébricas
_aCoordenadas cartesianas
_aReta
_aCircunferência
_aCônicas
_aCurvas planas
_aLT
942 _cBK
999 _c144021
_d144021